header

Being female (Record no. 104066)

MARC details
000 -LEADER
fixed length control field 01619nam a2200385 a 4500
082 04 - DEWEY DECIMAL CLASSIFICATION NUMBER
Classification number 301.41/2
245 10 - TITLE STATEMENT
Title Being female
260 ## - PUBLICATION, DISTRIBUTION, ETC. (IMPRINT)
Place of publication The Hague :
Name of publisher Mouton Publishers ;
Place of publication Chicago :
Name of publisher Distributed in the USA and Canada by Aldine,
Year of publication c1975.
300 ## - PHYSICAL DESCRIPTION
Number of Pages xiii, 293 p.
505 0# - FORMATTED CONTENTS NOTE
Formatted contents note section 1. Reproduction -- section 2. Women and power -- section 3. Social trends.
650 #0 - SUBJECT ADDED ENTRY--TOPICAL TERM
Topical Term Women
Topical Term Women
Topical Term Pregnancy
700 1# - ADDED ENTRY--PERSONAL NAME
Personal name Raphael, Dana,
856 40 - ELECTRONIC LOCATION AND ACCESS
Uniform Resource Identifier http://site.ebrary.com/lib/rucke/Doc?id=10588442

No items available.

© 2026 Rongo University
Contact us: librarian | system librarian | Rongo university